La geometría y el mito : (Registro nro. 14604)

Detalles MARC
000 -LIDER
fixed length control field 02416njm a2200373 c 4500
001 - NÚMERO DE CONTROL
Identificador de número de control
003 - IDENTIFICACDOR DE NÚMERO DE CONTROL
control field DO-SdBNP
005 - DATE AND TIME OF LATEST TRANSACTION
control field 20240320095031.0
008 - ELEMENTOS DE LONGITUD FIJA
fixed length control field 160127s2010 mx d spa
015 ## - NÚMERO DENTRO DE LA BIBLIOGRAFÍA NACIONAL
National bibliography number
017 ## - NÚMERO DE REGISTRO DE DERECHOS DE AUTOR
Copyright or legal deposit number
Assigning agency
020 ## - ISBN
International Standard Book Number 9786071603982
035 ## - NÚMERO LOCAL
System control number
040 ## - FUENTE DE CATALOGACIÓN
Agencia que crea de manera original el registro BPMSU
Idioma de catalogación spa
Agencia que realiza la transcripción BPMSU
Convenciones de la despripción
082 #4 - NÚMERO DE CLASIFICACIÓN DECIMAL DE DEWEY
Classification number 320.51
Item number A283g 2010
Edition number 22
084 ## - OTRO NÚMERO DE CLASIFICACIÓN
Classification number
Number source
100 1# - ASIENTO PRINCIPAL -- NOMBRE PERSONAL
Nombre personal Aguilar River, José Antonio.
Fechas asociadas con el nombre
Término de relación
245 13 - MENCIÓN DE TITULO
Título La geometría y el mito :
Subtítulo un ensayo sobre la libertad y el liberalismo en México, 1821-1970 /
Mención de responsabilidad José Antonio Aguilar River.
246 13 - VARIACION DEL TÍTULO
Título propiamente dicho o título corto La geometría y el mito
260 ## - PUBLICACIÓN, DISTRIBUCIÓN, ETC. (PIE DE IMPRENTA)
Lugar de publicación, distribución, etc México :
Nombre del editor, distribuidor, etc. Fondo de Cultura Econonómica,
Fecha de publicación, distribución, etc 2010
300 ## - DESCRIPCIÓN FÍSICA
Extensión 151 p. ;
Dimensiones 23 cm.
Otros detalles físicos
Material complementario
490 0# - MENCIÓN DE SERIES
Mención de serie Sección de obras política y derecho,
Volume/sequential designation 17
500 ## - NOTA GENERAL
Nota general Incluye referencias bibliográficas y notas al pie de las páginas
504 ## - NOTA DE BIBLIOGRAFÍA, ETC.
Bibliography, etc Bibliografía : p. 145-151
505 0# - NOTA DE CONTENIDO
Texto normalizado de contenido
520 ## - RESUMEN, ETC.
Nota de resumen, etc. México ejerció un atractivo singular, hecho de fascinación y terror, sobre varios escritores anglosajones notables del siglo XX. Pero sólo en Malcolm Lowry la mezcla de la vida y la obra alcanza abismos en verdad infernales, volcánicos, como hay tantos en la geografía mexicana. Los devotos lectores de Bajo el volcán (1947) -sin exageración, una de las cumbres literarias del siglo XX- supieron siempre que aquella novela magistral escondía claves personales que pedían una biografía definitiva que las revelara. Nadie mejor que Gordon Bowker para escribirla. Biógrafo de Orwell y Durrell y compilador editorial de Lowry, Bowker explora con detalle acucioso, a partir de fuentes y testimonios hasta ahora desconocidos, y con una sensibilidad a un tiempo cuidadosa y descarnada, el laberinto existencial de Lowry: el insensato suicidio al que orilló a un amigo de la juventud y la estela de culpa; el alcoholismo agresivo; sus dos matrimonios; la pérdida de sus manuscritos; el incendio de su casa; su tránsito por ciudades, prisiones, cantinas y sanatorios; su torturada relación con médicos, editores, familiares, doctores; su misteriosa muerte.
534 ## - NOTA SOBRE LA VERSIÓN ORIGINAL
Frase introductoria Título original :
Mención del título original Persued by furies. A life of Malcolm Lowry
590 ## - NOTA LOCAL
Texto de la nota local Inventariado, 2024/VM
650 #4 - ENCABEZAMIENTO DE MATERIA--TEMÁTICO
Término temático o nombre geográfico como elemento de entrada Liberalismo
Subdivisión geográfica México
Subdivisión temática general Historia
651 #4 - ENCABEZAMIENTO DE MATERIA--NOMBRE GEOGRÁFICO
Nombre geográfico México
Subdivisión temática general Política y gobierno.
710 2# - ASIENTO SECUNDARIO -- NOMBRE CORPORATIVO
Nombre corporativo o de jurisdicción Fondo de Cultura Económica (México)
910 ## - VALIDACIÓN
Validación VMateo V. Control de calidad. BPMSU
942 ## - ADDED ENTRY ELEMENTS (KOHA)
Source of classification or shelving scheme Dewey Decimal Classification
Koha item type Libros
Existencias
Withdrawn status Lost status Source of classification or shelving scheme Damaged status Not for loan Collection code Home library Current library Date acquired Source of acquisition Total Checkouts Full call number Barcode Date last seen Price effective from Koha item type Copy number
    Dewey Decimal Classification     Colección General Biblioteca Pública Metropolitana Salomé Ureña Biblioteca Pública Metropolitana Salomé Ureña 03/20/2024 Fondo de Cultura Económica   BPMSU CG 320.51 A283g 2010 BPMSU24030065 03/20/2024 03/20/2024 Libros  
    Dewey Decimal Classification     Colección General Biblioteca Pública Metropolitana Salomé Ureña Biblioteca Pública Metropolitana Salomé Ureña 03/20/2024 Fondo de Cultura Económica   BPMSU CG 320.51 A283g 2010 BPMSU24030066 03/20/2024 03/20/2024 Libros e.2